| 000 | 00913nam a22002055i 4500 | ||
|---|---|---|---|
| 001 | 162397 | ||
| 003 | ES-MaACL | ||
| 005 | 20251128063115.0 | ||
| 008 | 010105s1881 sp |||| | spa d | ||
| 040 |
_aCCPB | B _bspa _cCCPB | B |
||
| 100 | 2 |
_aPolo y Peyrolón, Manuel, _d1846-1918 _9131249 |
|
| 245 | 1 | 3 |
_aEl cristianismo y la civilización _b: discurso leido el dia 2 de febrero de 1881 en la Juventud Católica de Valencia / _cpor Manuel Polo y Peyrolon. |
| 260 |
_aValencia : _b[s.n.], _c1881 ( _fimprenta de Manuel Alufre) |
||
| 300 |
_a27 p. ; _c24 cm. |
||
| 594 | _aTít. en cub.: "Influencia del cristianismo y la Iglesia Católica en la civilización de los pueblos" | ||
| 650 | 7 |
_aMoral cristiana _2embne _9142371 |
|
| 650 | 4 |
_aCivilización. _911079 |
|
| 852 |
_aES-MaACL _jT-428-F-11 _z-- Enc. hol. _q-- Falto de la cub. original _z-- Enc. en un vol. facticio |
||
| 999 |
_c162397 _d162397 |
||